| 000 | 00438nam a2200157Ia 4500 | ||
|---|---|---|---|
| 008 | 210716s2008 xx 000 0 und d | ||
| 020 | _a9788131702123 | ||
| 041 | _aeng | ||
| 082 | _a005.82 MAOW | ||
| 100 | _aMao, Wenbo. | ||
| 245 |
_aModern cryptography: theory and practice. _bTheory and practice. |
||
| 250 | _a1 | ||
| 260 |
_aNew Delhi _bPearson Education _c2008 |
||
| 300 | _a719 | ||
| 650 | _aCryptography-Data encryption(005.82) | ||
| 999 |
_c189697 _d189697 |
||